000 00960nam0a22002891 4500
001 rc\4118834
005 20130415173135.7
021 _aRU
_b[52-25926]
035 _a(NLR Aleph) 008150942
090 _a7778933
_c7778933
100 _a20130415d1952 |||y0rusy50 ca
101 0 _arus
102 _aRU
105 _aa z |||||
200 1 _aГальванотехника в декоративном искусстве
_fПод ред. Е.И. Регирера
210 _aМосква
_cИскусство
_d1952
215 _a208 с., 15 л. ил.
_cил.
_d23
320 _aБиблиогр.: с. 168-70 (62 назв.)
606 _aГальванопластика
_2psbo
700 1 _aОдноралов
_bН. В.
_gНиколай Васильевич
702 1 _aРегирер
_bЕ. И.
_4340
801 0 _aRU
_bNLR
_gpsbo
801 1 _aRU
_bELAR
_2rusmarc
852 _aNLR
_jИс30 Г-5/67
852 _aNLR
_jМф К1/6111
942 _cBOOK
980 _aNB